[Event "Presidents Cup"]
[Site "Elista"]
[Date "1998.05.07"]
[Round "1.1"]
[White "Sveshnikov, Evgeny"]
[Black "Georgiev, Kiril"]
[Result "1/2-1/2"]
[WhiteElo "2595"]
[BlackElo "2675"]
[PlyCount "84"]
[EventDate "1998.05.07"]
[Source "ChessBase"]
[SourceDate "1998.08.06"]

1. e4 e5 2. Nf3 Nc6 3. Bc4 Bc5 4. b4 Bb6 5. a4 a6 6. Bb2 d6 7. b5 axb5 8. axb5 Rxa1 9. Bxa1 Na5 10. Ba2 Nf6 11. Nc3 O-O 12. O-O c6 13. d4 exd4 14. Nxd4 Re8 15. Qd3 Qe7 16. Nf3 Be6 17. Bxe6 Qxe6 18. Na4 Bd8 19. e5 dxe5 20. Nxe5 Bc7 21. Nc5 Qd5 22. Qxd5 Nxd5 23. bxc6 Bxe5 24. Bxe5 Rxe5 25. cxb7 Re8 26. g3 Nf6 27. Rd1 Nc6 28. Nd7 Nb8 29. Nxf6+ gxf6 30. c4 Kg7 31. c5 Re7 32. Rb1 Rc7 33. Rb5 f5 34. Kg2 Kf6 35. Kh3 Kg6 36. Kh4 f6 37. f4 Re7 38. Rb2 Rc7 39. Rb5 Kh6 40. Kh3 Kg7 41. Kh4 Kg6 42. Kh3 Kg7 1/2-1/2

[Event "New York op"]
[Site "New York"]
[Date "1997.??.??"]
[Round "?"]
[White "Christiansen, Larry Mark"]
[Black "Aleksandrov, Aleksej"]
[Result "1/2-1/2"]
[WhiteElo "2560"]
[BlackElo "2615"]
[PlyCount "97"]
[EventDate "1997.04.02"]
[Source "ChessBase"]

1. e4 e5 2. Nf3 Nc6 3. Bc4 Bc5 4. b4 Bb6 5. a4 a6 6. c3 Nf6 7. d3 h6 8. O-O O-O 9. Nbd2 d6 10. Bb3 Be6 11. Nc4 Ba7 12. Be3 b5 13. axb5 axb5 14. Na5 Nxa5 15. Bxe6 Bxe3 16. fxe3 fxe6 17. bxa5 Ra6 18. Ra2 Qd7 19. Nh4 Nh7 20. Rxf8+ Nxf8 21. d4 exd4 22. exd4 c5 23. Nf3 Qa7 24. dxc5 Qxc5+ 25. Qd4 Nd7 26. e5 dxe5 27. Qxc5 Nxc5 28. Nxe5 Kf8 29. h4 Ne4 30. c4 b4 31. Nd3 b3 32. Ra3 Nd2 33. c5 Ke7 34. Kf2 Kf6 35. Ra4 e5 36. Nb2 Nb1 37. Ke3 Nc3 38. Ra3 Ke6 39. Kd3 Nd5 40. Kc4 e4 41. Kd4 e3 42. Nd3 e2 43. Ra1 b2 44. Nxb2 Rxa5 45. Re1 Nf4 46. g3 Ra2 47. gxf4 Rxb2 48. Ke3 Kd5 49. Rxe2 1/2-1/2

[Event "RUS-Cup6"]
[Site "Krasnodar"]
[Date "1997.03.19"]
[Round "9"]
[White "Ponomariov, Ruslan"]
[Black "Giorgadze, Giorgi"]
[Result "1/2-1/2"]
[WhiteElo "2565"]
[BlackElo "2595"]
[PlyCount "154"]
[EventDate "1997.03.11"]
[Source "www.chesslib.no"]
[SourceDate "2004.05.04"]

1. e4 e5 2. Nf3 Nc6 3. Bc4 Bc5 4. b4 Bb6 5. a4 a6 6. Nc3 Nf6 7. d4 Bxd4 8. Nxd4 Nxd4 9. f4 d6 10. O-O h6 11. fxe5 dxe5 12. Nd5 Be6 13. Nxf6+ gxf6 14. Bd3 Nb3 15. Rb1 Nxc1 16. Qxc1 Qd4+ 17. Kh1 f5 18. exf5 Bd5 19. Be2 O-O-O 20. c3 Qe4 21. Bf3 Qd3 22. Bxd5 Rxd5 23. Rd1 Qxd1+ 24. Qxd1 Rxd1+ 25. Rxd1 Rd8 26. Re1 f6 27. Kg1 Rg8 28. Re4 h5 29. h3 Rg5 30. g4 Kd7 31. Kf2 hxg4 32. hxg4 Kd6 33. Kf3 Rg7 34. Re1 Kd5 35. Rh1 Kc4 36. Rh6 Rf7 37. Ke4 Kxc3 38. Rxf6 Rxf6 39. g5 Rb6 40. f6 Rxb4+ 41. Kxe5 Rg4 42. f7 Rxg5+ 43. Ke4 Rg4+ 44. Ke3 Rxa4 45. f8=Q Kb3 46. Qc8 b5 47. Qxc7 Rc4 48. Qb6 Rc3+ 49. Kd4 Rc4+ 50. Kd5 b4 51. Qxa6 Rc3 52. Qa1 Rc8 53. Qf1 Rc3 54. Kd4 Ka3 55. Qa6+ Kb3 56. Qa5 Rc1 57. Qd5+ Ka3 58. Qa5+ Kb3 59. Kd3 Rc8 60. Qa6 Rc7 61. Qe6+ Ka3 62. Kd2 Rc5 63. Qd6 Rc3 64. Qd5 Rc8 65. Kd3 Rc1 66. Qa5+ Kb3 67. Kd4 Rc4+ 68. Kd5 Rc1 69. Kd6 Rc2 70. Qa1 Rc3 71. Kd7 Rc5 72. Kd6 Rc3 73. Kd5 Rc7 74. Qd1+ Ka3 75. Qa1+ Kb3 76. Kd6 Rc3 77. Qe1 Ka3 1/2-1/2

[Event "Ch (Men) Visakhapatnam IND"]
[Site "?"]
[Date "2006.04.12"]
[Round "14"]
[White "Ganguly Surya Shekhar"]
[Black "Sandipan Chanda"]
[Result "1/2-1/2"]
[WhiteElo "2578"]
[BlackElo "2546"]
[PlyCount "20"]
[EventDate "2006.??.??"]
[Source "www.chesslib.no"]
[SourceDate "2004.05.04"]

1. e4 e5 2. Nf3 Nc6 3. Bc4 Bc5 4. b4 Bb6 5. a4 a6 6. O-O Nf6 7. d3 h6 8. c3 d6 9. Nbd2 O-O 10. Bb3 Kh8 1/2-1/2

[Event "Ramat Aviv 73/362"]
[Site "?"]
[Date "1998.??.??"]
[Round "?"]
[White "Kanstler, Boris"]
[Black "Mikhalevski, Victor"]
[Result "1-0"]
[WhiteElo "2535"]
[BlackElo "2545"]
[PlyCount "55"]
[EventDate "1998.??.??"]
[Source "ChessBase"]
[SourceDate "1998.06.01"]

1. e4 e5 2. Nf3 Nc6 3. Bc4 Bc5 4. b4 Bb6 5. a4 a5 6. b5 Nd4 7. Nxe5 Qg5 8. O-O Qxe5 9. c3 Ne6 10. Re1 Qc5 11. Qe2 Nf4 12. Qf1 Qh5 13. d4 g5 14. e5 Ne7 15. Nd2 d5 16. exd6 cxd6 17. Ne4 Qg6 18. Nxd6+ Qxd6 19. Ba3 Qc7 20. Rxe7+ Qxe7 21. Bxe7 Kxe7 22. Qe1+ Be6 23. Qe4 Kf6 24. Bxe6 fxe6 25. Re1 Rhe8 26. Qxb7 Rab8 27. Qxh7 Ng6 28. Re3 1-0

[Event "Amsterdam (open)"]
[Site "?"]
[Date "1996.??.??"]
[Round "?"]
[White "Conquest, S."]
[Black "Winants, L."]
[Result "0-1"]
[WhiteElo "2585"]
[BlackElo "2485"]
[PlyCount "52"]
[EventDate "1996.??.??"]
[Source "ChessBase"]
[SourceDate "1996.06.01"]

1. e4 e5 2. Nf3 Nc6 3. Bc4 Bc5 4. b4 Bb6 5. a4 a6 6. Nc3 Nf6 7. d4 exd4 8. Nd5 Nxd5 9. exd5 Qe7+ 10. Kf1 Ne5 11. d6 cxd6 12. Bd5 Qf6 13. Ng5 O-O 14. Ra3 h6 15. Ne4 Qf5 16. Rg3 Ng6 17. c4 dxc3 18. h4 c2 19. Qd2 Qh5 20. Rxg6 Qd1+ 21. Qe1 Kh8 22. Rg3 Qxd5 23. Bb2 Bd4 24. Bxd4 Qxd4 25. Rc3 Re8 26. f3 d5 0-1

[Event "Balatonbereny"]
[Site "Balatonbereny"]
[Date "1996.??.??"]
[Round "6"]
[White "Palkovi, Jozsef"]
[Black "Varga, Zoltan"]
[Result "1/2-1/2"]
[WhiteElo "2480"]
[BlackElo "2540"]
[PlyCount "24"]
[EventDate "1996.06.13"]
[Source "ChessBase"]

1. e4 e5 2. Nf3 Nc6 3. Bc4 Bc5 4. b4 Bb6 5. a4 a6 6. Bb2 d6 7. b5 axb5 8. axb5 Rxa1 9. Bxa1 Nd4 10. Nxd4 exd4 11. O-O Nf6 12. d3 O-O 1/2-1/2

[Event "Vienna op"]
[Site "Vienna"]
[Date "1996.??.??"]
[Round "9"]
[White "Sveshnikov, Evgeny"]
[Black "Gyimesi, Zoltan"]
[Result "1/2-1/2"]
[WhiteElo "2535"]
[BlackElo "2480"]
[PlyCount "231"]
[EventDate "1996.08.??"]
[Source "ChessBase"]

1. e4 e5 2. Nf3 Nc6 3. Bc4 Bc5 4. b4 Bb6 5. a4 a6 6. a5 Ba7 7. c3 Nf6 8. d3 d6 9. Qb3 O-O 10. Bg5 h6 11. Bh4 Qe7 12. O-O Be6 13. Nbd2 g5 14. Bg3 Nh5 15. b5 axb5 16. Qxb5 Bd7 17. Qb2 Rfb8 18. Bd5 Qf6 19. Nc4 Nd8 20. Nb6 Bxb6 21. axb6 c6 22. Bc4 Be6 23. Ra7 Bxc4 24. dxc4 Rc8 25. c5 Rab8 26. c4 Qe6 27. cxd6 f6 28. c5 Nf7 29. Nd2 Ng7 30. f3 Qd7 31. Bf2 Ne6 32. Be3 Nh8 33. Rd1 Ng6 34. Nf1 Kh7 35. Ng3 Ng7 36. Qc2 Rd8 37. Rd2 Nh4 38. Bf2 Qf7 39. Qa2 Qe8 40. Nf1 Ng6 41. Ne3 Rd7 42. Nc4 Ne6 43. Na5 Nd8 44. Be3 Rg7 45. Kf2 Qd7 46. h3 Nf4 47. Ke1 Nfe6 48. Kd1 Nf8 49. Kc1 Nfe6 50. Kb2 Nf8 51. Kc3 Nfe6 52. Kb4 Nf8 53. Rd1 Qe8 54. Nc4 Nde6 55. Qd2 Nd7 56. Rh1 Kg6 57. g3 Kh7 58. h4 Kg8 59. Qh2 Qh5 60. g4 Qe8 61. hxg5 hxg5 62. Bg1 Kf8 63. Be3 Kg8 64. Na5 Nd8 65. Nb3 Nf8 66. Qh8+ Kf7 67. Qh5+ Ng6 68. Na5 Rg8 69. Qh7+ Rg7 70. Qh2 Nf8 71. Qa2+ Qe6 72. Nc4 Rh7 73. Rxh7+ Nxh7 74. Qh2 Kg8 75. Bc1 Nf7 76. Qd2 Nf8 77. Ne3 Nh6 78. Bb2 Qe8 79. Ra1 Qe6 80. Bc3 Nd7 81. Qh2 Nf7 82. Nc4 Rd8 83. Qf2 Kg7 84. Rh1 Ra8 85. Ra1 Rxa1 86. Bxa1 Nb8 87. Bc3 Na6+ 88. Kb3 Nd8 89. Bd2 Qg8 90. Be3 Ne6 91. Ka3 Qh8 92. d7 Qh1 93. Kb2 Qd1 94. Nd6 Nb4 95. Kc3 Qb1 96. Qb2 Qxb2+ 97. Kxb2 Nd8 98. Kc3 Na6 99. Nc4 Nb8 100. Nd2 Nxd7 101. Kc4 Kf7 102. Nb3 Nf8 103. Kd3 Ke6 104. Ke2 Ng6 105. Na5 Nh4 106. Kf2 Kd7 107. Nc4 Ng6 108. Nd6 Nf8 109. Ke2 Ke6 110. Kd3 Nd7 111. Nc4 Ke7 112. Nd6 Ke6 113. Nc4 Kf7 114. Kc3 Ke7 115. Nd6 Ke6 116. Nc4 1/2-1/2

[Event "Women-Veterans"]
[Site "London"]
[Date "1996.??.??"]
[Round "10"]
[White "Arakhamia Grant, Ketevan"]
[Black "Spassky, Boris V"]
[Result "1/2-1/2"]
[WhiteElo "2455"]
[BlackElo "2555"]
[PlyCount "36"]
[EventDate "1996.08.15"]
[Source "ChessBase"]

1. e4 e5 2. Nf3 Nc6 3. Bc4 Bc5 4. b4 Bb6 5. a4 a6 6. Ba3 d6 7. b5 Nce7 8. O-O Nf6 9. d4 exd4 10. e5 Ne4 11. Qe2 d5 12. Bd3 O-O 13. Bxe4 dxe4 14. Qxe4 Bf5 15. Qxb7 Ra7 16. Bxe7 Qxe7 17. Qc6 axb5 18. Qxb5 Rfa8 1/2-1/2

[Event "Kusadasi TUR"]
[Site "?"]
[Date "2006.04.16"]
[Round "3.3"]
[White "Dembo Yelena"]
[Black "Stefanova Antoaneta"]
[Result "0-1"]
[WhiteElo "2464"]
[BlackElo "2502"]
[PlyCount "102"]
[EventDate "2006.??.??"]
[Source "www.chesslib.no"]
[SourceDate "2004.05.04"]

1. e4 e5 2. Nf3 Nc6 3. Bc4 Bc5 4. b4 Bb6 5. a4 a6 6. c3 d6 7. O-O Nf6 8. d3 O-O 9. Nbd2 a5 10. b5 Ne7 11. Bb3 Ng6 12. d4 Bg4 13. Qc2 Qd7 14. dxe5 dxe5 15. Ba3 Rfd8 16. c4 Bd4 17. Nxd4 Qxd4 18. Nb1 Qxa1 19. Bb2 Bd1 20. Qc1 Qxb1 21. Qxb1 Bxb3 22. Bxe5 Nxe5 23. Qxb3 Nxe4 24. Qe3 f5 25. f3 Nxc4 26. Qf4 Ned6 27. Rc1 Nb6 28. Rxc7 Nd5 29. Qc1 Nxc7 30. Qxc7 Rac8 31. Qxa5 Nc4 32. Qb4 Ne5 33. Qb3+ Kh8 34. h3 h6 35. Kh2 Rd2 36. Qe3 Rd5 37. Qf4 Rc2 38. Qxf5 Rdc5 39. Qf8+ Kh7 40. a5 Ng6 41. Qd6 Rg5 42. Kh1 Rcxg2 43. Qd4 R2g3 44. Kh2 Rg2+ 45. Kh1 Ra2 46. Qb4 Rd5 47. Qb3 Rdd2 48. a6 Rh2+ 49. Kg1 bxa6 50. bxa6 Rag2+ 51. Kf1 Nf4 0-1

[Event "Bled op"]
[Site "Bled"]
[Date "1996.??.??"]
[Round "7"]
[White "Sermek, Drazen"]
[Black "Barle, Janez"]
[Result "1-0"]
[WhiteElo "2535"]
[BlackElo "2430"]
[PlyCount "87"]
[EventDate "1996.03.??"]
[Source "ChessBase"]

1. e4 e5 2. Nf3 Nc6 3. Bc4 Bc5 4. b4 Bb6 5. a4 a6 6. c3 d6 7. d3 Nf6 8. O-O O-O 9. a5 Ba7 10. Bb3 Ne7 11. h3 Ng6 12. Re1 Kh8 13. Bc2 Qe7 14. d4 h6 15. Be3 Rd8 16. Nbd2 Be6 17. Nf1 Nh5 18. Ng5 Nhf4 19. Nxe6 Nxe6 20. Ng3 Qf6 21. Nf5 Ne7 22. Nxe7 Qxe7 23. Qe2 c6 24. Rad1 Qc7 25. Bb3 d5 26. exd5 exd4 27. cxd4 cxd5 28. f4 Bb8 29. g3 Qd6 30. Kh1 Nf8 31. g4 Nh7 32. g5 Re8 33. Qg2 Bc7 34. Bxd5 Qxb4 35. gxh6 gxh6 36. Bxf7 Rf8 37. d5 Rxf7 38. Bd4+ Nf6 39. Qg6 Qf8 40. Re6 Bd8 41. Rde1 Rg7 42. Rxf6 Bxf6 43. Bxf6 Rd8 44. Rg1 1-0

[Event "Cap d'Agde FRA"]
[Site "?"]
[Date "2002.10.25"]
[Round "3"]
[White "Dunis Aurelien"]
[Black "Korneev Oleg"]
[Result "1/2-1/2"]
[WhiteElo "2399"]
[BlackElo "2551"]
[PlyCount "100"]
[EventDate "2002.??.??"]
[Source "www.chesslib.no"]
[SourceDate "2004.05.04"]

1. e4 e5 2. Nf3 Nc6 3. Bc4 Bc5 4. b4 Bb6 5. a4 a6 6. Nc3 Nf6 7. Nd5 Nxd5 8. exd5 Nd4 9. Bb2 Nxf3+ 10. Qxf3 d6 11. a5 Ba7 12. d4 O-O 13. O-O Bxd4 14. Bxd4 exd4 15. Qf4 Re8 16. Rfe1 Bd7 17. Rxe8+ Qxe8 18. Qxd4 Qe7 19. Ra3 Qe1+ 20. Bf1 Re8 21. Ra1 Qe4 22. Qxe4 Rxe4 23. c3 Kf8 24. Bd3 Re5 25. c4 g5 26. Kf1 Bf5 27. Be2 Ke7 28. b5 Kd8 29. bxa6 bxa6 30. Ra3 c6 31. Re3 Kc7 32. g4 Rxe3 33. fxe3 Be4 34. Kf2 c5 35. Ke1 Kd8 36. Kd2 f5 37. Bd3 Ke7 38. gxf5 Bxd3 39. Kxd3 Kf6 40. e4 h5 41. Ke2 Ke5 42. Ke3 Kf6 43. h4 g4 44. Kf4 Kf7 45. e5 dxe5+ 46. Ke3 Ke7 47. Ke4 Kd6 48. f6 Kd7 49. Ke3 Kd6 50. Ke4 Kd7 1/2-1/2

[Event "Cappelle Open"]
[Site "Cappelle la Grande FRA"]
[Date "1995.??.??"]
[Round "2"]
[White "Minasian, Artashes"]
[Black "Margoline, Boris"]
[Result "1/2-1/2"]
[WhiteElo "2540"]
[BlackElo "2390"]
[PlyCount "116"]
[EventDate "1995.03.??"]
[Source "www.chesslib.no"]
[SourceDate "2004.05.04"]

1. e4 e5 2. Nf3 Nc6 3. Bc4 Bc5 4. b4 Bb6 5. a4 a6 6. c3 Nf6 7. d3 d6 8. a5 Ba7 9. h3 Ne7 10. Nbd2 Ng6 11. O-O O-O 12. Re1 c6 13. Bb3 d5 14. Qc2 Re8 15. c4 Be6 16. c5 Bb8 17. Nf1 Nh5 18. Ng5 Bc8 19. Nh2 Nhf4 20. Ngf3 Be6 21. Bb2 Bc7 22. Rad1 Nh4 23. Nxh4 Qxh4 24. Bc1 dxe4 25. Bxe6 Nxe6 26. dxe4 Nd4 27. Qc4 Rad8 28. Be3 Ne6 29. Nf3 Qh5 30. Qc2 Rxd1 31. Rxd1 Rd8 32. Rxd8+ Nxd8 33. Qd3 f6 34. Nd2 Qf7 35. Nc4 Kf8 36. f4 Ke8 37. fxe5 Bxe5 38. Nxe5 fxe5 39. Qd6 Qe7 40. Qb8 Kf7 41. Bf2 Kf6 42. Bh4+ g5 43. Bg3 Nf7 44. Qg8 h6 45. Qc8 Kg7 46. Kh2 h5 47. Be1 h4 48. Bd2 Kh7 49. Be3 Kg7 50. b5 cxb5 51. c6 Qa3 52. Bc5 Qxc5 53. cxb7 Qe3 54. Qg4 Qa7 55. Qd7 b4 56. Qc7 Qe3 57. Qb6 Qf4+ 58. Kg1 Qc1+ 1/2-1/2

[Event "Budapest FS04 GM"]
[Site "Budapest"]
[Date "1996.??.??"]
[Round "1"]
[White "Palkovi, Jozsef"]
[Black "Lukacs, Peter"]
[Result "1/2-1/2"]
[WhiteElo "2480"]
[BlackElo "2440"]
[PlyCount "26"]
[EventDate "1996.04.??"]
[Source "ChessBase"]

1. e4 e5 2. Nf3 Nc6 3. Bc4 Bc5 4. b4 Bb6 5. a4 a6 6. Bb2 d6 7. b5 axb5 8. axb5 Rxa1 9. Bxa1 Nd4 10. Nxd4 exd4 11. O-O Nf6 12. d3 O-O 13. Nd2 d5 1/2-1/2

[Event "Geneve op"]
[Site "Geneve"]
[Date "1996.??.??"]
[Round "8"]
[White "Grosar, Aljosa"]
[Black "Barle, Janez"]
[Result "1/2-1/2"]
[WhiteElo "2470"]
[BlackElo "2430"]
[PlyCount "61"]
[EventDate "1996.01.??"]
[Source "ChessBase"]

1. e4 e5 2. Nf3 Nc6 3. Bc4 Bc5 4. b4 Bb6 5. a4 a5 6. b5 Nd4 7. Nxd4 Bxd4 8. c3 Bb6 9. d4 Qe7 10. O-O Nf6 11. Re1 d6 12. Na3 O-O 13. Bb3 Bg4 14. Qd3 Be6 15. Bxe6 fxe6 16. Nc4 Ba7 17. Ra2 exd4 18. cxd4 Qf7 19. b6 Bxb6 20. Nxb6 cxb6 21. Ba3 Rfd8 22. Rb2 d5 23. e5 Nd7 24. Rc1 Rac8 25. Rbc2 Qe8 26. Bd6 Rc6 27. Qb5 Rxc2 28. Rxc2 Rc8 29. Rxc8 Qxc8 30. g3 Qc6 31. Qb3 1/2-1/2

[Event "Portoroz op"]
[Site "Portoroz"]
[Date "1996.??.??"]
[Round "?"]
[White "Sermek, Drazen"]
[Black "Crepan, Marjan"]
[Result "1/2-1/2"]
[WhiteElo "2535"]
[BlackElo "2360"]
[PlyCount "118"]
[EventDate "1996.03.??"]
[Source "ChessBase"]

1. e4 e5 2. Nf3 Nc6 3. Bc4 Bc5 4. b4 Bb6 5. a4 a6 6. c3 d6 7. O-O Qf6 8. d3 h6 9. Be3 Nge7 10. Nbd2 Ng6 11. Bxb6 cxb6 12. Ne1 Nf4 13. Bb3 Ne7 14. Nc4 d5 15. Ne3 dxe4 16. dxe4 O-O 17. Ra2 Be6 18. Bxe6 fxe6 19. g3 Nh3+ 20. Kg2 Ng5 21. f3 Qg6 22. h4 Rad8 23. Rd2 Nf7 24. Rff2 h5 25. Rxd8 Rxd8 26. Rd2 Rc8 27. Rd7 Qf6 28. Rxb7 Rxc3 29. N1c2 Nc6 30. Rc7 b5 31. axb5 axb5 32. Qd2 Qd8 33. Rd7 Qc8 34. Rxf7 Nd4 35. Rd7 Rxc2 36. Nxc2 Qxd7 37. f4 Qa7 38. fxe5 Nxc2 39. Qxc2 Qd4 40. Qc8+ Kh7 41. Qxe6 Qxe4+ 42. Kf2 Qd4+ 43. Kf3 Qc3+ 44. Kg2 Qxb4 45. Qf5+ Kg8 46. e6 Qe7 47. Qd5 g6 48. Kf3 Kg7 49. Ke4 b4 50. Kd4 Qa7+ 51. Kd3 Qa3+ 52. Ke4 Kf6 53. Qd6 Qa8+ 54. Kf4 Qa5 55. g4 hxg4 56. e7+ Kf7 57. e8=Q+ Kxe8 58. Qxg6+ Ke7 59. h5 b3 1/2-1/2

[Event "Chigorin mem op"]
[Site "St Petersburg"]
[Date "2000.11.02"]
[Round "3"]
[White "Sveshnikov, Evgeny"]
[Black "Yashtylov, Anatolij"]
[Result "1-0"]
[WhiteElo "2555"]
[BlackElo "2314"]
[PlyCount "93"]
[EventDate "2000.10.31"]
[Source "www.chesslib.no"]
[SourceDate "2004.05.04"]

1. e4 e5 2. Nf3 Nc6 3. Bc4 Bc5 4. b4 Bb6 5. a4 a6 6. Bb2 d6 7. b5 axb5 8. axb5 Rxa1 9. Bxa1 Na5 10. Be2 Nf6 11. Nc3 O-O 12. O-O Bg4 13. d3 Qd7 14. Qd2 Bc5 15. h3 Bxf3 16. Bxf3 b6 17. Rb1 Bd4 18. Nd5 Nxd5 19. Bxd4 Nf6 20. Bc3 Nb7 21. Be2 Re8 22. f4 Nc5 23. Ba1 Re7 24. Qe3 Qe8 25. Qg3 Ncd7 26. fxe5 dxe5 27. Bb2 Nf8 28. Bc1 Ng6 29. h4 Qd7 30. h5 Nf8 31. Bg5 Qd6 32. Kh1 Re8 33. Rf1 Re6 34. c3 N8d7 35. h6 g6 36. Qf3 Qf8 37. Bd1 Rd6 38. Bb3 Qe7 39. Kg1 Qe8 40. d4 Qe7 41. Bd5 Qf8 42. Bb3 c6 43. Qh3 Qe7 44. bxc6 Rxc6 45. Ba4 Qd6 46. Bxc6 Qxc6 47. Bxf6 1-0

[Event "HUN-chT9899"]
[Site "HUN"]
[Date "1998.??.??"]
[Round "?"]
[White "Palkovi, Jozsef"]
[Black "Karolyi, Tibor Jr"]
[Result "0-1"]
[WhiteElo "2435"]
[BlackElo "2425"]
[PlyCount "116"]
[EventDate "1998.??.??"]
[Source "www.chesslib.no"]
[SourceDate "2004.05.04"]

1. e4 e5 2. Nf3 Nc6 3. Bc4 Bc5 4. b4 Bb6 5. a4 a6 6. c3 Nf6 7. d3 O-O 8. O-O d6 9. Bb3 Ne7 10. a5 Ba7 11. h3 Ng6 12. Re1 c6 13. d4 exd4 14. cxd4 d5 15. e5 Ne4 16. Bc2 Bf5 17. Ra3 f6 18. Nbd2 fxe5 19. Nxe4 Bxe4 20. Bxe4 dxe4 21. Rxe4 Qd5 22. Qe1 exd4 23. Bb2 Rf4 24. Rxf4 Nxf4 25. Qd2 Rf8 26. Kh2 c5 27. Qd1 cxb4 28. Rb3 Ne6 29. g3 Bc5 30. h4 h6 31. Kg2 Qf5 32. Rd3 Qd5 33. Kg1 Nc7 34. Nd2 Rd8 35. Kh2 Nb5 36. f4 Re8 37. Qf1 Re3 38. f5 Kf7 39. f6 gxf6 40. Rxe3 dxe3 41. Qxf6+ Ke8 42. Nf3 e2 43. Qg6+ Kd7 44. Qg4+ Kc6 45. Ne5+ Qxe5 46. Bxe5 e1=Q 47. Qf3+ Kd7 48. Qxb7+ Ke6 49. Qc8+ Kd5 50. Qg8+ Ke4 51. Qg6+ Kf3 52. Qf7+ Ke3 53. Bf4+ Kd3 54. Qf5+ Kc4 55. Qf7+ Kc3 56. Qf6+ Nd4 57. Bxh6 Qe2+ 58. Kh1 b3 0-1

[Event "Djakovo Open"]
[Site "Djakovo"]
[Date "1994.??.??"]
[Round "8"]
[White "Zelcic, Robert"]
[Black "Rogic, Davor"]
[Result "1-0"]
[WhiteElo "2460"]
[BlackElo "2390"]
[PlyCount "73"]
[EventDate "1994.11.??"]
[Source "www.chesslib.no"]
[SourceDate "2004.05.04"]

1. e4 e5 2. Nf3 Nc6 3. Bc4 Bc5 4. b4 Bb6 5. a4 a6 6. Nc3 Nf6 7. Nd5 Nxd5 8. exd5 Nd4 9. a5 Ba7 10. O-O O-O 11. d6 Nf5 12. Nxe5 Nxd6 13. d4 Nxc4 14. Nxc4 Qh4 15. c3 d5 16. Ne3 c6 17. Re1 Bd7 18. Ra2 Bb8 19. g3 Qh3 20. Ng2 h6 21. Bf4 g5 22. Bxb8 Raxb8 23. f3 Qf5 24. Re3 Rfe8 25. Rae2 Rxe3 26. Rxe3 b6 27. g4 Qg6 28. axb6 Rxb6 29. Qa1 c5 30. dxc5 Rf6 31. Qd1 Bb5 32. Qxd5 Qc2 33. Qd4 Kg7 34. Re1 Kg6 35. Ne3 Qd3 36. Qxd3+ Bxd3 37. Kg2 1-0

[Event "Honved-B"]
[Site "Budapest"]
[Date "1997.??.??"]
[Round "1"]
[White "Palkovi, Jozsef"]
[Black "Acs, Peter"]
[Result "0-1"]
[WhiteElo "2420"]
[BlackElo "2420"]
[PlyCount "76"]
[EventDate "1997.02.??"]
[Source "ChessBase"]
[SourceDate "1997.07.29"]

1. e4 e5 2. Nf3 Nc6 3. Bc4 Bc5 4. b4 Bb6 5. a4 a6 6. Nc3 Nf6 7. d4 Bxd4 8. Nxd4 Nxd4 9. f4 d6 10. O-O h6 11. Nd5 Nxd5 12. Bxd5 O-O 13. c3 Nc6 14. f5 Qf6 15. Qh5 Ne7 16. g4 Nxd5 17. exd5 e4 18. g5 Qe5 19. gxh6 g6 20. h7+ Kh8 21. Qh4 Bxf5 22. Be3 f6 23. Bd4 Qe7 24. Rae1 Rf7 25. Re3 Raf8 26. Rg3 Rxh7 27. Qf4 Qg7 28. Rg5 Qh6 29. Rf2 Kg8 30. Rxf5 gxf5 31. Rg2+ Kh8 32. Qxf5 Rg7 33. Rxg7 Kxg7 34. Qxe4 Qg6+ 35. Qxg6+ Kxg6 36. Kf2 Kf5 37. h4 Ke4 38. b5 axb5 0-1

[Event "Ferrol op 18th"]
[Site "Ferrol"]
[Date "2002.07.23"]
[Round "7"]
[White "Bueno Abalo, Manuel"]
[Black "Korneev, Oleg"]
[Result "0-1"]
[WhiteElo "2247"]
[BlackElo "2583"]
[PlyCount "50"]
[EventDate "2002.07.17"]
[Source "ChessBase"]
[SourceDate "2002.09.11"]

1. e4 e5 2. Nf3 Nc6 3. Bc4 Bc5 4. b4 Bb6 5. a4 a6 6. O-O Nf6 7. d3 d6 8. c3 O-O 9. Be3 Bxe3 10. fxe3 Ne7 11. Qe1 Ng6 12. Nbd2 Qe7 13. Nh4 Be6 14. Nf5 Qd7 15. g4 Bxc4 16. dxc4 Nxg4 17. Qg3 Nh6 18. h4 Kh8 19. Kh2 Rg8 20. h5 Ne7 21. Nf3 Nexf5 22. Qh3 g5 23. exf5 g4 24. Qh4 Qxf5 25. e4 Qf4+ 0-1

[Event "Donner Memorial Open"]
[Site "Amsterdam NED"]
[Date "1995.??.??"]
[Round "9"]
[White "Riemersma, Liafbern"]
[Black "Mikhalevski, Alexander"]
[Result "0-1"]
[WhiteElo "2430"]
[BlackElo "2400"]
[PlyCount "66"]
[EventDate "1995.08.??"]
[Source "www.chesslib.no"]
[SourceDate "2004.05.04"]

1. e4 e5 2. Nf3 Nc6 3. Bc4 Bc5 4. b4 Bb6 5. a4 a5 6. b5 Nd4 7. Nxd4 Bxd4 8. c3 Bb6 9. d4 exd4 10. O-O Ne7 11. cxd4 d5 12. exd5 Nxd5 13. Ba3 Be6 14. Qh5 Nf4 15. Qf3 Bxc4 16. Qxf4 Qxd4 17. Qg5 Qf6 18. Re1+ Be6 19. Qxf6 gxf6 20. Bb2 Rg8 21. Bxf6 Rg6 22. Bh4 Rg4 23. g3 Bd4 24. Ra3 Bb2 25. Rd3 Rxa4 26. Nc3 Ra1 27. Rxa1 Bxa1 28. Na4 b6 29. Bg5 Be5 30. Re3 Bg7 31. Bf4 O-O-O 32. Re1 Rd4 33. Nc3 Rxf4 0-1

[Event "BUL-ch"]
[Site "Dupnica"]
[Date "1998.??.??"]
[Round "8"]
[White "Delchev, Aleksander"]
[Black "Papazov, Ivajlo"]
[Result "1/2-1/2"]
[WhiteElo "2545"]
[BlackElo "2285"]
[PlyCount "39"]
[EventDate "1998.06.??"]
[Source "www.chesslib.no"]
[SourceDate "2004.05.04"]

1. e4 e5 2. Nf3 Nc6 3. Bc4 Bc5 4. b4 Bb6 5. a4 a6 6. Ba3 d6 7. d3 Nf6 8. Nbd2 O-O 9. O-O Ne7 10. c3 Ng6 11. b5 axb5 12. axb5 Bc5 13. Bxc5 Rxa1 14. Qxa1 dxc5 15. Re1 b6 16. g3 Kh8 17. d4 Qe7 18. dxe5 Nxe5 19. Nxe5 Qxe5 20. Nf3 1/2-1/2

[Event "European Women Chess Championships"]
[Site "Kusadasi"]
[Date "2006.04.09"]
[Round "6"]
[White "Dembo, Yelena"]
[Black "Turova, Irina"]
[Result "1-0"]
[WhiteElo "2464"]
[BlackElo "2362"]
[PlyCount "92"]
[EventDate "2006.??.??"]
[Source "www.chesslib.no"]
[SourceDate "2004.05.04"]

1. e4 e5 2. Nf3 Nc6 3. Bc4 Bc5 4. b4 Bb6 5. a4 a6 6. c3 Nf6 7. d3 d6 8. O-O O-O 9. Nbd2 Ne7 10. a5 Ba7 11. Bb3 Ng6 12. Nc4 Be6 13. Be3 Bxe3 14. fxe3 h6 15. Qe1 Qe7 16. Nh4 Nxh4 17. Qxh4 Rad8 18. Ba2 c6 19. Rad1 Nd5 20. Qe1 Nf6 21. Rd2 d5 22. Nxe5 Bc8 23. d4 Nxe4 24. Re2 Qg5 25. Rf4 Rde8 26. Bb1 Qe7 27. Bxe4 dxe4 28. Ref2 Be6 29. Rxe4 g5 30. Ng4 Kg7 31. Nf6 Rd8 32. Re5 Qd6 33. e4 Bc4 34. Qc1 Rh8 35. Ref5 Be6 36. e5 Qc7 37. R5f3 b6 38. axb6 Qxb6 39. Nh5+ Kf8 40. Rf6 Ke7 41. Ng7 Bc4 42. Nf5+ Kd7 43. Nd6 Bd5 44. Rxf7+ Bxf7 45. Rxf7+ Ke6 46. Rb7 Kd5 1-0

[Event "RUS-Cup8"]
[Site "Smolensk"]
[Date "1997.??.??"]
[Round "5"]
[White "Nadyrhanov, Sergey"]
[Black "Komissarov, I."]
[Result "1-0"]
[WhiteElo "2480"]
[BlackElo "2320"]
[PlyCount "65"]
[EventDate "1997.06.13"]
[Source "ChessBase"]
[SourceDate "1997.07.29"]

1. e4 e5 2. Nf3 Nc6 3. Bc4 Bc5 4. b4 Bb6 5. a4 a5 6. b5 Nd4 7. Nxd4 Bxd4 8. c3 Bb6 9. d4 Qh4 10. O-O Nf6 11. Nd2 d6 12. Nf3 Qh5 13. dxe5 Nxe4 14. Qe1 d5 15. Bxd5 Nc5 16. Be3 Be6 17. Bxe6 Nxe6 18. Bxb6 cxb6 19. Qe3 O-O 20. Qxb6 Nf4 21. Nd4 Rac8 22. Ra3 Qg4 23. g3 Nd5 24. Qxb7 Rxc3 25. Rxc3 Nxc3 26. f4 Nxa4 27. Qc7 h5 28. Qxa5 Nc5 29. Qa3 Nd7 30. Qf3 Nxe5 31. Qxg4 Nxg4 32. Nc6 Ne3 33. b6 1-0